Statistics for Missing Words #1 - Geography

Click here to take the quiz!

General Stats

  • This quiz has been taken 191 times
    (143 since last reset)
  • The average score is 13 of 20

Answer Stats

Name% Correct
Salt {Lake} City
99%
Saudi {Arabia}
98%
Kuala {Lumpur}
94%
{Guinea} Bissau
93%
{Ho} Chi Minh City
93%
{Nova} Scotia
93%
New {South} Wales
90%
Bosnia and {Herzegovina}
88%
Addis {Ababa}
86%
Stratford-upon-{Avon}
71%
Tel {Aviv} - Yafo
66%
{Rio} de la Plata
62%
{Belo} Horizonte
60%
Turks and {Caicos} Islands
59%
{Gulf} of Bothnia
50%
Uttar {Pradesh}
42%
Franz {Joseph} Land
28%
Hashemite Kingdom of {Jordan}
25%
Laccadive {Sea}
24%
{Bab}-el-Mandeb
14%

Score Distribution

Percentile by Number Answered

Percent of People with Each Score

Your Score History

You have not taken this quiz since the last reset